[Event "Elit(Sollentuna-Vasteras)"]
[Site "?"]
[Date "2006.11.18"]
[Round "4"]
[White "Andersson, Fredrik"]
[Black "Norberg, Erik"]
[Result "1-0"]
[WhiteElo "2344"]
[BlackElo "2268"]
[PlyCount "99"]
[EventDate "2006.??.??"]

1. e4 g6 2. d4 Bg7 3. Nc3 c6 4. f4 Qb6 5. Nf3 d5 6. e5 Bg4 7. Be2 Nh6 8. Na4
Qa5+ 9. c3 Nf5 10. O-O e6 11. Nc5 Qc7 12. Nd3 Bxf3 13. Bxf3 h5 14. Qe1 Nd7 15.
Be3 Bf8 16. Bf2 Be7 17. b3 g5 18. fxg5 Bxg5 19. Qe2 h4 20. Bg4 Nh6 21. Bh3
O-O-O 22. c4 Kb8 23. a4 f5 24. exf6 Nxf6 25. Nc5 Rde8 26. Qe5 Qxe5 27. dxe5
Nfg4 28. Bd4 Ne3 29. Rf3 Nc2 30. Rd1 Nxd4 31. Rxd4 Nf5 32. Rdd3 Ng7 33. Rf7 Re7
34. Rxe7 Bxe7 35. Nxe6 Nxe6 36. Bxe6 Bc5+ 37. Kf1 Re8 38. cxd5 cxd5 39. Rxd5
Rf8+ 40. Ke1 Bb4+ 41. Ke2 Kc7 42. Rd4 a5 43. Rxh4 Re8 44. Bc4 Rxe5+ 45. Kf3 Bd6
46. g4 Kb6 47. Rh7 Be7 48. h4 Kc5 49. g5 Kd4 50. g6 1-0

[Event "Elit(Sollentuna-Vasteras)"]
[Site "?"]
[Date "2006.11.18"]
[Round "4"]
[White "Kimari, Patrick"]
[Black "Agrest, Svetlana"]
[Result "0-1"]
[WhiteElo "2198"]
[BlackElo "2289"]
[PlyCount "76"]
[EventDate "2006.??.??"]

1. Nf3 d6 2. g3 f5 3. d4 Nf6 4. Bg2 g6 5. O-O Bg7 6. c4 O-O 7. Nc3 Nc6 8. d5
Ne5 9. Nxe5 dxe5 10. e4 f4 11. b4 g5 12. Qd3 Nh5 13. c5 g4 14. Rd1 Kh8 15. a4
a6 16. Ra2 Qe8 17. b5 Qf7 18. Rb2 axb5 19. axb5 Ra1 20. Qc2 Qg6 21. Ra2 Rxa2
22. Nxa2 b6 23. Ba3 bxc5 24. Qxc5 f3 25. Bf1 Qxe4 26. Qxc7 Nf4 27. gxf4 exf4
28. Bxe7 Rg8 29. Nc3 Qf5 30. Bd3 Qh5 31. Ne4 g3 32. hxg3 fxg3 33. Nxg3 Be5 34.
Bd6 Rxg3+ 35. fxg3 f2+ 36. Kxf2 Bd4+ 37. Kg2 Bh3+ 38. Kh2 Bf1# 0-1

[Event "Elit(Sollentuna-Vasteras)"]
[Site "?"]
[Date "2006.11.18"]
[Round "4"]
[White "Agrest, Inna"]
[Black "Herrstrom, Tony"]
[Result "0-1"]
[WhiteElo "2023"]
[BlackElo "2222"]
[PlyCount "138"]
[EventDate "2006.??.??"]
[SourceDate "2006.11.27"]

1. e4 e5 2. d4 exd4 3. c3 d3 4. Bxd3 Nc6 5. Nf3 d6 6. Nbd2 Be7 7. O-O Bg4 8.
Qb3 Rb8 9. Bc4 Nh6 10. h3 Bd7 11. Qc2 Qc8 12. Re1 Bf6 13. Nf1 b5 14. Bd3 Ne5
15. Nxe5 dxe5 16. Ng3 Bh4 17. Nh5 Rg8 18. Bf1 Rb6 19. Ng3 Rg6 20. Kh2 c5 21. c4
b4 22. a3 Ra6 23. Be3 bxa3 24. Rxa3 Rxa3 25. bxa3 Qc7 26. Rb1 Ke7 27. Ne2 Rc8
28. Nc3 Kf8 29. Qd2 Ng8 30. Nd5 Qc6 31. Qa5 f5 32. Qxa7 fxe4 33. Rb6 Ra8 34.
Rxc6 Rxa7 35. Bxc5+ Kf7 36. Rb6 Be7 37. Nxe7 Nxe7 38. Rb1 Ra8 39. Rb7 Ke8 40.
Bd6 Nc6 41. Rb5 Kf7 42. Rb7 Ke8 43. Be2 Ra4 44. Bh5+ g6 45. Be2 h5 46. Bf1 Ra8
47. Kg3 Ra6 48. Kh4 Nd8 49. Rxd7 Kxd7 50. Bxe5 Rxa3 51. g4 Rf3 52. Bd4 Ne6 53.
Be3 Nf4 54. gxh5 gxh5 55. Kg5 Nxh3+ 56. Bxh3+ Rxh3 57. Kf5 Rh1 58. c5 Rg1 59.
Kxe4 h4 60. Kf3 h3 61. Bf4 Rg2 62. Bg3 Kc6 63. Bd6 Kd5 64. Bf4 Kxc5 65. Bg3 Kc4
66. Bc7 Kd3 67. Bd6 Kd2 68. Bb4+ Kd1 69. Bc3 Rg5 0-1

[Event "Elit(Rockaden, Umea-Manhem)"]
[Site "?"]
[Date "2006.11.18"]
[Round "4"]
[White "Akesson, Joel"]
[Black "Malmstig, Erik"]
[Result "1-0"]
[WhiteElo "2366"]
[BlackElo "2329"]
[PlyCount "109"]
[EventDate "2006.??.??"]
[SourceDate "2006.11.27"]

1. d4 Nf6 2. Nf3 d6 3. c4 Bg4 4. Nc3 Nbd7 5. e4 e5 6. Be2 Be7 7. O-O c6 8. Be3
Qc7 9. d5 Nf8 10. Ne1 h5 11. Nd3 Ng6 12. f3 Bd7 13. b4 cxd5 14. Nxd5 Nxd5 15.
cxd5 f5 16. Rc1 Qd8 17. f4 fxe4 18. Bxh5 Bf5 19. fxe5 Bg5 20. Rxf5 Bxe3+ 21.
Kf1 Qh4 22. Bxg6+ Kd8 23. Rc4 Qxh2 24. Rxe4 Rc8 25. Rxe3 Qh1+ 26. Ke2 Qxg2+ 27.
Nf2 Qxg6 28. Qd3 Qg1 29. Qd1 Qg6 30. Qb1 Re8 31. Qe4 dxe5 32. Qh4+ Kd7 33. Qg4
Qa6+ 34. Kf3 Kc7 35. Rf7+ Kb8 36. Qxg7 Ka8 37. a3 Qc4 38. d6 Qd5+ 39. Ne4 Rg8
40. Qf6 Qd1+ 41. Re2 Qd3+ 42. Kf2 Qd4+ 43. Kf3 Rg1 44. Rf8 Rf1+ 45. Nf2 Qd5+
46. Kg3 Rg1+ 47. Kh4 Qc4+ 48. Re4 Rh1+ 49. Kg4 Rg1+ 50. Kf5 Qc2 51. Rxc8+ Qxc8+
52. Kxe5 Rg2 53. Nd3 a6 54. Kd4 Rc2 55. Ke3 1-0

[Event "Elit(Rockaden, Umea-Manhem)"]
[Site "?"]
[Date "2006.11.18"]
[Round "4"]
[White "Lindgren, Fredrik"]
[Black "Nithander, Victor"]
[Result "0-1"]
[WhiteElo "2290"]
[BlackElo "2401"]
[PlyCount "46"]
[EventDate "2006.??.??"]

1. e4 g6 2. Nf3 Bg7 3. d3 c5 4. g3 Nc6 5. Bg2 d6 6. O-O e5 7. c3 Nge7 8. a3 O-O
9. b4 h6 10. d4 exd4 11. cxd4 Bg4 12. Nbd2 Nxd4 13. Rb1 Qd7 14. Nb3 Nxf3+ 15.
Bxf3 Bxf3 16. Qxf3 c4 17. Na5 Rac8 18. Qe2 b6 19. Nxc4 Qb5 20. Bf4 Qxc4 21.
Qxc4 Rxc4 22. Bxd6 Re8 23. Bxe7 Rxe7 0-1

[Event "Elit(Rockaden, Umea-Manhem)"]
[Site "?"]
[Date "2006.11.18"]
[Round "4"]
[White "Olausson, Claes-Goran"]
[Black "Forsberg, Viktor"]
[Result "1-0"]
[WhiteElo "2396"]
[BlackElo "2267"]
[PlyCount "37"]
[EventDate "2006.??.??"]

1. Nf3 d5 2. d4 Nf6 3. c4 e6 4. Nc3 Be7 5. Bg5 h6 6. Bxf6 Bxf6 7. e3 O-O 8. Qd2
c6 9. h4 Nd7 10. g4 Be7 11. Bd3 dxc4 12. Bxc4 e5 13. g5 exd4 14. exd4 Nb6 15.
Bb3 c5 16. gxh6 cxd4 17. hxg7 Re8 18. O-O-O dxc3 19. Qf4 1-0

[Event "Elit(Rockaden, Umea-Manhem)"]
[Site "?"]
[Date "2006.11.18"]
[Round "4"]
[White "Eriksson, Jorgen"]
[Black "Andersson, Bjorn"]
[Result "0-1"]
[WhiteElo "2265"]
[BlackElo "2330"]
[PlyCount "58"]
[EventDate "2006.??.??"]

1. d4 Nf6 2. Bg5 Ne4 3. Bf4 c5 4. d5 Qa5+ 5. c3 e6 6. Na3 Nxc3 7. Qd2 Qa4 8.
bxc3 Qxa3 9. e4 exd5 10. exd5 Be7 11. Rb1 O-O 12. Rb3 Qa4 13. c4 Bd8 14. Qc2
Na6 15. Bd3 g6 16. Qb2 Nb4 17. Bb1 Nxd5 18. Bh6 Re8+ 19. Ne2 Bf6 20. Qc2 Nb4
21. Qd1 d5 22. O-O dxc4 23. Re3 Bd7 24. a3 Nd3 25. Bc2 Qa6 26. Nf4 Bd4 27. Nd5
Qd6 28. Qf3 Bc6 29. Rxe8+ Rxe8 0-1

[Event "Elit(Rockaden, Umea-Manhem)"]
[Site "?"]
[Date "2006.11.18"]
[Round "4"]
[White "Schneider, Lars-Ake"]
[Black "Engman, Rickard"]
[Result "1/2-1/2"]
[WhiteElo "2338"]
[BlackElo "2199"]
[PlyCount "50"]
[EventDate "2006.??.??"]

1. e4 e5 2. Nf3 Nc6 3. Bb5 a6 4. Bxc6 dxc6 5. O-O Bg4 6. h3 h5 7. d3 Qf6 8.
Nbd2 Ne7 9. Re1 Ng6 10. d4 Nf4 11. dxe5 Qg6 12. Nh4 Bxd1 13. Nxg6 Nxg6 14. Rxd1
O-O-O 15. Re1 Nxe5 16. Nf3 Nxf3+ 17. gxf3 Bb4 18. c3 Bc5 19. Kf1 Rd3 20. Be3
Bxe3 21. fxe3 Rhd8 22. Kf2 c5 23. Re2 Rd1 24. Rxd1 Rxd1 25. Re1 Rd2+ 1/2-1/2

[Event "Elit(Rockaden, Umea-Manhem)"]
[Site "?"]
[Date "2006.11.18"]
[Round "4"]
[White "Nygren, David"]
[Black "Moberg, Karl Johan"]
[Result "0-1"]
[WhiteElo "2238"]
[BlackElo "2325"]
[PlyCount "114"]
[EventDate "2006.??.??"]

1. e4 e5 2. Nf3 Nc6 3. Bb5 a6 4. Ba4 Nf6 5. O-O b5 6. Bb3 Bc5 7. c3 d6 8. d4
Bb6 9. h3 Bb7 10. Re1 h6 11. a4 O-O 12. Bc2 Re8 13. axb5 axb5 14. Rxa8 Bxa8 15.
d5 Ne7 16. b3 Ng6 17. Nbd2 c6 18. c4 Bc5 19. Nf1 Qb6 20. Be3 b4 21. Ng3 Bxe3
22. Rxe3 c5 23. Nf5 Bb7 24. Nh2 Ra8 25. Rg3 Bc8 26. Ng4 Nxg4 27. Qxg4 Qd8 28.
h4 Qf6 29. h5 Bxf5 30. Qxf5 Qxf5 31. exf5 Nf4 32. Re3 Ra1+ 33. Kh2 Nxh5 34. g3
Ra2 35. Re2 Nf6 36. Kg2 Kf8 37. Kf3 Ke7 38. Ke3 Nd7 39. Kd3 Kf6 40. Kd2 Ra1 41.
Re4 Nb6 42. Re2 Nc8 43. Re3 Ne7 44. Rf3 h5 45. Ke2 Kg5 46. Be4 Ra2+ 47. Ke1 Ng8
48. Re3 Nh6 49. Rf3 Ng4 50. Bd3 Rb2 51. Be2 Nh6 52. Rd3 Nxf5 53. f4+ exf4 54.
gxf4+ Kxf4 55. Bxh5 Nd4 56. Bd1 Rh2 57. Kf1 Ke4 0-1

[Event "Elit(Rockaden, Umea-Manhem)"]
[Site "?"]
[Date "2006.11.18"]
[Round "4"]
[White "Kinnmark, Ove"]
[Black "Mardell, Jimmy"]
[Result "0-1"]
[WhiteElo "2283"]
[BlackElo "2101"]
[PlyCount "79"]
[EventDate "2006.??.??"]

1. e4 c5 2. Nf3 d6 3. c3 Nf6 4. Be2 g6 5. O-O Bg7 6. Re1 O-O 7. Bf1 Nc6 8. h3
e5 9. d3 a6 10. a3 h6 11. b4 Qe7 12. Nbd2 Be6 13. Bb2 Rad8 14. d4 cxd4 15. cxd4
exd4 16. Nxd4 Nxd4 17. Bxd4 Rfe8 18. Qc1 Nh5 19. Qb2 Qg5 20. Nf3 Bxd4 21. Qxd4
Qf4 22. Re3 d5 23. e5 Rc8 24. Qd2 Ng7 25. Rd1 Rc7 26. g3 Qf5 27. Nd4 Qg5 28. h4
Qe7 29. Bd3 Rec8 30. Bb1 h5 31. Kg2 Bg4 32. Rde1 Qd7 33. Kh2 Nf5 34. Bxf5 Bxf5
35. Rf3 Be4 36. Rf4 Qe7 37. Rf6 Qxe5 38. Rb6 Rc4 39. Nb3 Qc7 40. Rf6 0-1

[Event "Elit(Rockaden, Umea-Manhem)"]
[Site "?"]
[Date "2006.11.18"]
[Round "4"]
[White "Hammar, Ulf"]
[Black "Sagit, Rauan"]
[Result "1/2-1/2"]
[WhiteElo "2157"]
[BlackElo "2294"]
[PlyCount "103"]
[EventDate "2006.??.??"]

1. d4 Nf6 2. Bg5 Ne4 3. Bf4 d6 4. Nd2 Nf6 5. Ngf3 Bg4 6. e4 Nbd7 7. Be2 Bxf3 8.
Bxf3 e5 9. Be3 Be7 10. O-O O-O 11. c3 c6 12. Be2 d5 13. dxe5 Nxe5 14. f4 Ng6
15. e5 Nd7 16. c4 Nb6 17. Nf3 dxc4 18. f5 Qxd1 19. Raxd1 Nd5 20. Bd4 Ngf4 21.
Bxc4 b5 22. Bxd5 Nxd5 23. Nd2 c5 24. Bf2 Rfd8 25. Ne4 c4 26. Nd6 Nb4 27. Nxb5
Nd3 28. Nd4 Rac8 29. Nb5 Bf8 30. Be3 Rb8 31. a4 a6 32. Nd4 Bc5 33. Nc2 Rxb2 34.
Bxc5 Rxc2 35. e6 Re8 36. e7 f6 37. Bd6 Kf7 38. Rf3 Nb2 39. Rd4 Nd3 40. h3 Rc8
41. Re3 Re8 42. Ree4 Nb2 43. Ba3 c3 44. Rd8 Rc1+ 45. Kh2 Ra1 46. Rb4 Rxa3 47.
Rbb8 c2 48. Rxe8 c1=Q 49. Rf8+ Kxe7 50. Rfe8+ Kf7 51. Rf8+ Ke7 52. Rfe8+
1/2-1/2

[Event "Elit(Eksjo-Linkoping)"]
[Site "?"]
[Date "2006.11.18"]
[Round "4"]
[White "Malesevic, Nedeljko"]
[Black "Schussler, Harry"]
[Result "1/2-1/2"]
[WhiteElo "2340"]
[BlackElo "2449"]
[PlyCount "41"]
[EventDate "2006.??.??"]
[SourceDate "2006.11.27"]

1. d4 e6 2. c4 Bb4+ 3. Bd2 Qe7 4. Nf3 Nf6 5. a3 Bxd2+ 6. Nbxd2 d6 7. e3 e5 8.
d5 O-O 9. e4 Nh5 10. g3 f5 11. Nh4 Qf7 12. exf5 Bxf5 13. Qf3 Bd7 14. Qxf7+ Rxf7
15. Be2 Nf6 16. O-O c6 17. Rfd1 c5 18. Ng2 Na6 19. Ne3 g6 20. Bd3 Raf8 21. Nb1
1/2-1/2

[Event "Elit(Eksjo-Linkoping)"]
[Site "?"]
[Date "2006.11.18"]
[Round "4"]
[White "Ornstein, Axel"]
[Black "Rosberg, Simon"]
[Result "1/2-1/2"]
[WhiteElo "2422"]
[BlackElo "2196"]
[PlyCount "85"]
[EventDate "2006.??.??"]

1. c4 f5 2. g3 Nf6 3. Bg2 e6 4. Nf3 d5 5. O-O Bd6 6. d3 Nc6 7. Nc3 d4 8. Nb5 e5
9. e3 dxe3 10. fxe3 O-O 11. Nxd6 cxd6 12. Qb3 Qe7 13. Nh4 g6 14. Bd2 Be6 15.
Nf3 e4 16. Ng5 Ne5 17. Nxe6 Qxe6 18. dxe4 Nxe4 19. Bc3 Qxc4 20. Bxe5 Qxb3 21.
axb3 dxe5 22. Bxe4 fxe4 23. Rxf8+ Kxf8 24. Ra5 Kf7 25. Rxe5 Rc8 26. Rxe4 Rc1+
27. Kg2 Rc2+ 28. Kf3 Rxb2 29. Rb4 b6 30. h4 h5 31. Kf4 Rf2+ 32. Ke4 Rg2 33. Kf4
Rf2+ 34. Ke5 Rg2 35. Rf4+ Ke7 36. Rf3 a5 37. e4 b5 38. Rc3 a4 39. bxa4 bxa4 40.
Rc7+ Kd8 41. Ra7 Rxg3 42. Rxa4 Rg4 43. Ra8+ 1/2-1/2

[Event "Elit(Eksjo-Linkoping)"]
[Site "?"]
[Date "2006.11.18"]
[Round "4"]
[White "Wickstrom, Lucas"]
[Black "Vernersson, Per"]
[Result "1/2-1/2"]
[WhiteElo "2144"]
[BlackElo "2496"]
[PlyCount "75"]
[EventDate "2006.??.??"]

1. d4 d5 2. Nf3 Nf6 3. Bg5 e6 4. e3 Nbd7 5. Nbd2 Be7 6. c3 h6 7. Bh4 Ne4 8.
Bxe7 Qxe7 9. Nxe4 dxe4 10. Nd2 f5 11. Qh5+ Qf7 12. Qxf7+ Kxf7 13. Bc4 Kf6 14.
f3 exf3 15. gxf3 c5 16. e4 cxd4 17. cxd4 Nb6 18. e5+ Kf7 19. a4 Rd8 20. a5 Nxc4
21. Nxc4 Rxd4 22. Nd6+ Ke7 23. h4 Bd7 24. Rg1 Rg8 25. Nxb7 Bc6 26. Nd6 Rxh4 27.
Rc1 Kd7 28. Ne8 Rxe8 29. Rxg7+ Re7 30. Rxe7+ Kxe7 31. Rxc6 Rb4 32. Rc7+ Kd8 33.
Rxa7 Rxb2 34. a6 Ra2 35. Ra8+ Kc7 36. a7 f4 37. Re8 Rxa7 38. Rxe6 1/2-1/2

[Event "Elit(Eksjo-Linkoping)"]
[Site "?"]
[Date "2006.11.18"]
[Round "4"]
[White "Rothen, Hakan"]
[Black "Axelsson, Tom"]
[Result "0-1"]
[WhiteElo "2338"]
[BlackElo "2072"]
[PlyCount "132"]
[EventDate "2006.??.??"]

1. d4 d5 2. c4 e6 3. Nc3 c5 4. cxd5 exd5 5. Nf3 Nc6 6. g3 Nf6 7. Bg2 Be7 8. O-O
O-O 9. dxc5 Bxc5 10. Bg5 d4 11. Bxf6 Qxf6 12. Ne4 Qe7 13. Nxc5 Qxc5 14. Rc1 Qb6
15. Qd2 Bg4 16. h3 Bf5 17. Rfd1 Rad8 18. Qf4 Bg6 19. Rd2 Rfe8 20. Nh4 Ne5 21.
Nxg6 hxg6 22. Rcd1 d3 23. Qa4 dxe2 24. Rxe2 Rxd1+ 25. Qxd1 Rd8 26. Qc2 Nc6 27.
Bxc6 bxc6 28. b3 Qd4 29. Re4 Qd5 30. Qc4 Kf8 31. Kf1 Qd1+ 32. Kg2 Qd5 33. Qxd5
cxd5 34. Rd4 Ke7 35. Ra4 Rd7 36. Kf3 Kd6 37. Ke3 Kc5 38. Kd3 g5 39. a3 Kb5 40.
Rb4+ Kc5 41. Rb8 Re7 42. b4+ Kc6 43. Rc8+ Kd7 44. Rc5 Kd6 45. f3 Ke5 46. Rc1
Rb7 47. Re1+ Kd6 48. Rb1 f5 49. h4 gxh4 50. gxh4 Ke5 51. b5 Kf4 52. Kd4 Kxf3
53. Kxd5 f4 54. a4 Kg2 55. a5 f3 56. b6 axb6 57. axb6 f2 58. Kc6 Rxb6+ 59. Kxb6
f1=Q 60. Rxf1 Kxf1 61. Kc5 Kg2 62. Kd4 Kg3 63. h5 Kg4 64. h6 gxh6 65. Ke3 Kg3
66. Ke2 Kg2 0-1

[Event "Elit(Eksjo-Linkoping)"]
[Site "?"]
[Date "2006.11.18"]
[Round "4"]
[White "Klashed, Martin"]
[Black "Miskulin, Dennis"]
[Result "1-0"]
[WhiteElo "2124"]
[BlackElo "2272"]
[PlyCount "125"]
[EventDate "2006.??.??"]

1. e4 c5 2. Nf3 d6 3. d4 cxd4 4. Nxd4 Nf6 5. Nc3 a6 6. Be2 e6 7. O-O Be7 8. f4
Nc6 9. Be3 Qc7 10. a4 O-O 11. Bf3 Re8 12. Kh1 Bd7 13. Nb3 Na5 14. e5 Nc4 15.
exf6 Nxe3 16. Qe2 Nxf1 17. fxe7 Nxh2 18. Kxh2 d5 19. g3 Qd6 20. Re1 Bc6 21. Nd4
Qxe7 22. Qe3 Qb4 23. b3 Rac8 24. Nd1 Bd7 25. Bg4 g6 26. c3 Qc5 27. Kg2 Qd6 28.
Nf2 Qc5 29. Rc1 Qd6 30. Rh1 Re7 31. Bf3 f6 32. Ng4 Rf8 33. Re1 e5 34. f5 g5 35.
c4 dxc4 36. bxc4 Kh8 37. Bd5 Bxa4 38. Ne6 Rff7 39. Nh6 Rg7 40. Qe4 Bc6 41. Bxc6
bxc6 42. c5 Qd5 43. Qxd5 cxd5 44. c6 Re8 45. Nxg7 Kxg7 46. Ng4 Rc8 47. Rc1 d4
48. Nf2 Kf7 49. c7 Ke7 50. Ne4 a5 51. g4 a4 52. Kf3 a3 53. Ra1 Rxc7 54. Rxa3
Rb7 55. Nc5 Rc7 56. Nd3 Rc2 57. Ke4 Re2+ 58. Kd5 e4 59. Ra7+ Ke8 60. Nc5 d3 61.
Ke6 Kd8 62. Kd6 Ke8 63. Ne6 1-0

[Event "Elit(Eksjo-Linkoping)"]
[Site "?"]
[Date "2006.11.18"]
[Round "4"]
[White "Thornert, Hakan"]
[Black "Fransson, Jorgen"]
[Result "1-0"]
[WhiteElo "2232"]
[BlackElo "2062"]
[PlyCount "37"]
[EventDate "2006.??.??"]

1. e4 c5 2. Nc3 Nc6 3. Nf3 g6 4. d4 cxd4 5. Nxd4 Bg7 6. Be3 Nf6 7. Bc4 Qa5 8.
O-O O-O 9. Bb3 d6 10. h3 Bd7 11. f4 Nxd4 12. Bxd4 Bc6 13. e5 Ne8 14. e6 Bxd4+
15. Qxd4 f5 16. Nd5 Qd8 17. Kh2 Nf6 18. Nxf6+ Rxf6 19. Qxf6 1-0

[Event "Elit(Eksjo-Linkoping)"]
[Site "?"]
[Date "2006.11.18"]
[Round "4"]
[White "Carlsson, Ingvar"]
[Black "Krantz, Christopher"]
[Result "0-1"]
[WhiteElo "2085"]
[BlackElo "2198"]
[PlyCount "68"]
[EventDate "2006.??.??"]

1. e4 e6 2. d3 d5 3. Nd2 Nf6 4. Ngf3 Nc6 5. c3 e5 6. Be2 Be7 7. O-O O-O 8. b4
a6 9. Bb2 Bg4 10. exd5 Nxd5 11. Nxe5 Nxe5 12. Bxg4 Nxd3 13. Qc2 Nxb2 14. Qxb2
Nxc3 15. Qxc3 Bf6 16. Qe3 Bd4 17. Qf4 g5 18. Qf5 Bxa1 19. Ne4 Qd4 20. Nxg5 Qg7
21. Bh5 Bc3 22. a3 Rae8 23. h4 h6 24. Nf3 Qf6 25. Qd3 Be5 26. Rc1 Rd8 27. Qb3
b5 28. Rc5 Bd6 29. Rc3 Rfe8 30. g3 Qf5 31. g4 Qe6 32. Qc2 Qe4 33. Qc1 Bf4 34.
Qf1 Qe2 0-1

[Event "Elit(Eksjo-Linkoping)"]
[Site "?"]
[Date "2006.11.18"]
[Round "4"]
[White "de Verdier, Michael"]
[Black "Halvarsson, Peter"]
[Result "1-0"]
[WhiteElo "2220"]
[BlackElo "1974"]
[PlyCount "159"]
[EventDate "2006.??.??"]

1. Nf3 c5 2. c4 g6 3. g3 Bg7 4. Bg2 Nc6 5. O-O d6 6. Nc3 e5 7. d3 Nge7 8. Be3
O-O 9. Qd2 Nf5 10. Nd5 Be6 11. Ne1 Rb8 12. Rb1 a5 13. a3 Ncd4 14. b4 axb4 15.
axb4 b6 16. Nc2 Nxe3 17. Ncxe3 f5 18. Nc2 Nxc2 19. Qxc2 f4 20. Qa4 Bg4 21. Bf3
Bh3 22. Rfe1 fxg3 23. fxg3 h5 24. bxc5 dxc5 25. Bg2 Bxg2 26. Kxg2 h4 27. Rf1
Qg5 28. Qd7 hxg3 29. hxg3 Qd2 30. Qe6+ Kh7 31. Rh1+ Bh6 32. Qe7+ Kg8 33. Nf6+
Rxf6 34. Qxf6 Qxe2+ 35. Qf2 Qxd3 36. Rbe1 Bg7 37. Qe2 Qxe2+ 38. Rxe2 b5 39.
cxb5 Rxb5 40. Rf1 Ra5 41. Re4 Ra6 42. Rc4 Bf8 43. Rf3 Kg7 44. Kf2 Ra1 45. Ke2
Be7 46. Re4 Ra2+ 47. Kd3 Ra3+ 48. Ke2 Ra2+ 49. Kd1 Bf6 50. Rc3 Ra5 51. Rd3 Kh6
52. Rd5 Kg5 53. Ke2 Ra3 54. Rd3 Ra5 55. Rd5 Kf5 56. Rc4 Be7 57. Rd7 Ke6 58. Rd3
Kf5 59. Kf3 Ra1 60. g4+ Ke6 61. Ke4 Rg1 62. Kf3 Ra1 63. Rc2 Ra4 64. Rb3 Rd4 65.
Rb6+ Bd6 66. Rxc5 g5 67. Rcc6 Rd3+ 68. Ke4 Rd4+ 69. Ke3 Rd1 70. Rc4 Kd5 71. Ra4
Bc5+ 72. Ke2 Rg1 73. Rg6 Be7 74. Kf2 Rb1 75. Kf3 Rb3+ 76. Kf2 Rb2+ 77. Kf1 e4
78. Rxe4 Rf2+ 79. Kxf2 Kxe4 80. Re6+ 1-0

[Event "Elit(Astorp-LASK)"]
[Site "?"]
[Date "2006.11.18"]
[Round "4"]
[White "Olsson, Linus"]
[Black "Jakobsen, Ole"]
[Result "1-0"]
[WhiteElo "2433"]
[BlackElo "2370"]
[PlyCount "191"]
[EventDate "2006.??.??"]
[SourceDate "2006.11.27"]

1. d4 Nf6 2. c4 e6 3. g3 d5 4. Bg2 dxc4 5. Nf3 Nc6 6. Qa4 Bb4+ 7. Bd2 Nd5 8.
Bxb4 Ndxb4 9. O-O O-O 10. a3 Nd5 11. Qxc4 a5 12. Rd1 a4 13. Nbd2 Bd7 14. e4 Nb6
15. Qc3 Qe7 16. Rac1 Rfc8 17. h4 Be8 18. Bh3 Rd8 19. Nf1 Ra5 20. Ne3 Rb5 21.
Bg2 Rb3 22. Qc2 g6 23. h5 Rb5 24. h6 Rh5 25. Ng4 f5 26. Ne3 fxe4 27. Qxe4 Nd5
28. Ng4 Nf6 29. Nxf6+ Qxf6 30. Nh2 Rhd5 31. Ng4 Qe7 32. Rc4 b5 33. Rc3 Nxd4 34.
Re1 c5 35. Qxd5 Rxd5 36. Bxd5 Qg5 37. Bxe6+ Nxe6 38. Rxe6 Qxg4 39. Rxe8+ Kf7
40. Re5 Qd1+ 41. Kg2 Kf6 42. Rexc5 Qd7 43. Rf3+ Ke6 44. Rf4 Qb7+ 45. Kh2 Kd6
46. Rc3 Qd5 47. Rb4 Qd2 48. Kg1 Qd1+ 49. Kg2 Qd5+ 50. Rf3 g5 51. g4 Kc6 52. b3
axb3 53. Rbxb3 Qe4 54. Kh3 Qg6 55. Rf5 Qxh6+ 56. Kg2 Qe6 57. Rb4 Qa2 58. Rxg5
Qxa3 59. Rbxb5 Qa4 60. Rbf5 Qe4+ 61. Kh2 Qd4 62. Rc5+ Kb6 63. Rb5+ Ka6 64. Rbf5
Qd6+ 65. Kg2 Qc6+ 66. Kg1 Qc1+ 67. Kh2 Qc7+ 68. Kh3 Qd6 69. Rh5 Qd3+ 70. Kh4
Qd8+ 71. Kg3 Qd6+ 72. Kg2 Qc6+ 73. f3 Qg6 74. Kh3 Qg7 75. g5 Qd7 76. Rh6+ Kb7
77. Kg4 Kc7 78. Rhf6 Qd1 79. Rf7+ Kd8 80. Rxh7 Qg1+ 81. Kh5 Qh1+ 82. Kg6 Qb1
83. Rhf7 Ke8 84. Kg7 Qb2+ 85. R5f6 Qe5 86. g6 Qa1 87. f4 Qb2 88. f5 Qc3 89. Kg8
Qc4 90. g7 Qb3 91. Re6+ Kd8 92. Rf8+ Kd7 93. Kf7 Qd5 94. Rd8+ Kxd8 95. g8=Q+
Kc7 96. Qg5 1-0

[Event "Elit(Astorp-LASK)"]
[Site "?"]
[Date "2006.11.18"]
[Round "4"]
[White "Sjodahl, Pontus"]
[Black "Niklasson, Christer"]
[Result "1/2-1/2"]
[WhiteElo "2471"]
[BlackElo "2413"]
[PlyCount "40"]
[EventDate "2006.??.??"]

1. d4 f5 2. g3 Nf6 3. Bg2 g6 4. c3 Bg7 5. Nd2 O-O 6. e4 fxe4 7. Nxe4 Nxe4 8.
Bxe4 Nc6 9. Qb3+ e6 10. h4 d5 11. Bg2 Na5 12. Qd1 c5 13. Nf3 cxd4 14. cxd4 Qb6
15. h5 Nc6 16. hxg6 hxg6 17. Rh4 Bd7 18. Qd3 Ne7 19. Bh3 Rae8 20. a3 a5 1/2-1/2

[Event "Elit(Astorp-LASK)"]
[Site "?"]
[Date "2006.11.18"]
[Round "4"]
[White "Tikkanen, Hans"]
[Black "Johansson, Mikael"]
[Result "1-0"]
[WhiteElo "2402"]
[BlackElo "2370"]
[PlyCount "105"]
[EventDate "2006.??.??"]

1. d4 Nf6 2. c4 g6 3. Nc3 Bg7 4. e4 d6 5. h3 O-O 6. Be3 c6 7. Nf3 a6 8. Bd3 b5
9. O-O bxc4 10. Bxc4 Nxe4 11. Nxe4 d5 12. Bd3 dxe4 13. Bxe4 Be6 14. Rc1 Bd5 15.
Bb1 Nd7 16. Bg5 Re8 17. Re1 Qa5 18. Bxe7 Bh6 19. Rc3 Bxf3 20. Rxf3 Qd2 21. Rd3
Qxb2 22. Ba3 Qb5 23. Rb3 Qc4 24. Bb2 Rad8 25. Rb7 Nf6 26. Rxe8+ Rxe8 27. Bc2
Qe2 28. Qxe2 Rxe2 29. Bd3 Re1+ 30. Kh2 Bf4+ 31. g3 Bc1 32. Bc3 Re8 33. Bxa6 Nd5
34. Bb2 Re1 35. Bxc1 Rxc1 36. Rb2 Kf8 37. Be2 Rc3 38. Kg2 Ke7 39. Rd2 h5 40. h4
Kd6 41. Bd1 f5 42. Bc2 Nb4 43. Bb3 Nd5 44. Bc2 Nb4 45. Ba4 Nd5 46. Rc2 Rd3 47.
Rxc6+ Ke7 48. Bb3 Nb4 49. Rxg6 f4 50. Re6+ Kd7 51. Re4 fxg3 52. fxg3 Rd2+ 53.
Kf3 1-0

[Event "Elit(Astorp-LASK)"]
[Site "?"]
[Date "2006.11.18"]
[Round "4"]
[White "Ivarsson, Stefan"]
[Black "Semcesen, Daniel"]
[Result "0-1"]
[WhiteElo "2293"]
[BlackElo "2369"]
[PlyCount "76"]
[EventDate "2006.??.??"]

1. g3 d5 2. Bg2 Nf6 3. f4 c6 4. Nf3 Qb6 5. e3 g6 6. d3 Bg7 7. Nc3 O-O 8. O-O
Nbd7 9. Kh1 Re8 10. e4 dxe4 11. dxe4 e5 12. f5 Qc7 13. a4 b6 14. Nh4 Bb7 15.
Bg5 a6 16. Qf3 b5 17. b4 a5 18. fxg6 fxg6 19. axb5 axb4 20. Rxa8 Bxa8 21. bxc6
Bxc6 22. Nd5 Bxd5 23. exd5 Qxc2 24. Rc1 Qa2 25. Bf1 e4 26. Qd1 Kh8 27. Bc4 Qf2
28. Rc2 Qb6 29. Re2 Qc5 30. Bb3 Ng4 31. Qc2 Qxc2 32. Bxc2 Nc5 33. d6 Bf6 34.
Nf3 Kg7 35. h3 Bxg5 36. Nxg5 Nf6 37. Nxe4 Ncxe4 38. Bxe4 Nxe4 0-1

[Event "Elit(Astorp-LASK)"]
[Site "?"]
[Date "2006.11.18"]
[Round "4"]
[White "Lund, Esben"]
[Black "Nilsson, Anders"]
[Result "1-0"]
[WhiteElo "2342"]
[BlackElo "2245"]
[PlyCount "49"]
[EventDate "2006.??.??"]

1. d4 Nf6 2. c4 c5 3. d5 b5 4. cxb5 a6 5. bxa6 g6 6. Nc3 Bxa6 7. e4 Bxf1 8.
Kxf1 d6 9. g3 Bg7 10. Kg2 Nbd7 11. Nf3 O-O 12. Re1 Nb6 13. Qc2 Qd7 14. Bf4 Na4
15. Nd1 e6 16. dxe6 fxe6 17. Rb1 Nb6 18. b4 Ra3 19. bxc5 Rxf3 20. Bxd6 Ng4 21.
Bxf8 Bc3 22. Kxf3 Bxe1 23. cxb6 Ne5+ 24. Ke2 Qf7 25. f4 1-0

[Event "Elit(Astorp-LASK)"]
[Site "?"]
[Date "2006.11.18"]
[Round "4"]
[White "Tallinger, Thomas"]
[Black "Nilsson, Sebastian"]
[Result "1/2-1/2"]
[WhiteElo "2224"]
[BlackElo "2349"]
[PlyCount "74"]
[EventDate "2006.??.??"]

1. e4 e6 2. d4 d5 3. Nc3 Bb4 4. e5 c5 5. a3 Bxc3+ 6. bxc3 Qa5 7. Bd2 Qa4 8. Qg4
g6 9. Ra2 b6 10. h4 h5 11. Qf4 Ba6 12. Bxa6 Qxa6 13. Nf3 Nd7 14. Ng5 Nh6 15. f3
Rc8 16. Kf2 Qc4 17. Rha1 Nf5 18. g4 Nh6 19. a4 Rc7 20. Ra3 Qa6 21. R3a2 cxd4
22. cxd4 Rc4 23. Kg3 Qc8 24. c3 Qd8 25. Rb1 a6 26. Rb3 Nc5 27. dxc5 Rxf4 28.
Bxf4 bxc5 29. Rab2 O-O 30. Nxe6 fxe6 31. Bxh6 Rxf3+ 32. Kxf3 Qxh4 33. g5 Qh3+
34. Ke2 Qg2+ 35. Kd1 Qf1+ 36. Kc2 Qf5+ 37. Kc1 Qf1+ 1/2-1/2

[Event "Elit(Astorp-LASK)"]
[Site "?"]
[Date "2006.11.18"]
[Round "4"]
[White "Dragicevic, Drazen"]
[Black "Josefsson, Kenneth"]
[Result "1-0"]
[WhiteElo "2275"]
[BlackElo "1994"]
[PlyCount "76"]
[EventDate "2006.??.??"]

1. e4 e5 2. Nf3 Nc6 3. Bb5 a6 4. Ba4 d6 5. d4 Bd7 6. c3 Nf6 7. Nbd2 Qe7 8. O-O
g6 9. Re1 Bg7 10. Nf1 O-O 11. Bg5 h6 12. Bxf6 Qxf6 13. Ne3 b5 14. dxe5 Nxe5 15.
Nxe5 Qxe5 16. Bb3 c6 17. Qd3 Rad8 18. Nc2 Kh8 19. Rad1 Bg4 20. f3 Bc8 21. a4 f5
22. exf5 Qc5+ 23. Qe3 Qxe3+ 24. Rxe3 Bxf5 25. Nb4 c5 26. Nxa6 c4 27. Ba2 d5 28.
axb5 d4 29. Re7 dxc3 30. Rxd8 Rxd8 31. bxc3 Bf6 32. Re3 Rd1+ 33. Kf2 Bd3 34. b6
Rd2+ 35. Kg3 Bf1 36. b7 Rxg2+ 37. Kf4 Bg5+ 38. Ke4 Rb2 1-0